| 000 | 00638nam a2200193 a 4500 | ||
|---|---|---|---|
| 001 | 1781 | ||
| 003 | CDMR | ||
| 005 | 20130919131322.0 | ||
| 008 | 130130s1989||||||||||||||||||||||||||||d | ||
| 020 | _a8439311362 | ||
| 040 |
_aCDMR _bcat _cCDMR |
||
| 100 | 1 |
_aCosta, Joan _980 |
|
| 245 | 1 | 0 |
_aL'expressivitat de la imatge fotogràfica _b: una aproximació fenomenològica al llenguatge de la fotografia _c Joan Costa ; pròleg: Angelo Schwarz |
| 260 |
_aBarcelona _c1989 _bCentre d'Investigació de la Comunicació |
||
| 490 | 0 |
_aEstudis i recerques _v2 |
|
| 650 | 0 | 4 |
_93096 _aFotografia |
| 650 | 0 | 4 |
_93737 _aComunicació visual |
| 942 |
_cMON _2udc |
||
| 999 |
_c1781 _d1781 |
||